| 000 | 00863nam a22002297a 4500 | ||
|---|---|---|---|
| 001 | 6576 | ||
| 003 | FISKH | ||
| 005 | 20250512153606.0 | ||
| 008 | 250512b cb ||||| |||| 00| 0 eng d | ||
| 020 | _a9780199118748 | ||
| 040 |
_aFISKH _beng _cFISKH _dFISKH |
||
| 082 | _a423 | ||
| 100 | _aOxford | ||
| 245 |
_aOxford popular school dictionary / _cBy Oxford |
||
| 250 | _aFirst published 2008 | ||
| 260 |
_aOxford : _bOxford University Press , _c2008. |
||
| 300 |
_a474 pages : _billustrations ; _c20 cm. |
||
| 520 | _aThe Popular School dictionary has over 40, 000 words and phrases, with simple meanings and example phrases show how words are used. It includes words from the curriculum, international vocabulary and new words from ICT. It is ideal for quick word look-up at home. | ||
| 650 |
_aOxford _vDictionary |
||
| 942 |
_2ddc _cBK _n0 |
||
| 999 |
_c6576 _d6576 |
||